000 00529nam a2200181Ia 4500
008 230524s9999 xx 000 0 und d
020 _a9780070666986
082 _a658
_bLEV
100 _aDavid Simchi-Levi
245 0 _a"Designing and Managing the Supply Chain: Concepts,Strategies and Case Studies"
250 _a3RD
260 _aNEW DELHI
_bTMH
_c2008
300 _aXXIX;521
500 _aQuantity Number: 12
650 _aManagement
700 _a" Philip Kaminsky, Edith Simchi-Levi , Ravi Shankar,,"
942 _cBK
999 _c45100
_d45100